Análisis del desempeño docente en la enseñanza de la teoría de conjuntos y su impacto en el aprendizaje de los estudiantes de dichos contenidos en tercer grado de secundaria, en el politécnico Profesora Natividad Zuleyka y el Liceo Felicia Javier Suárez, del Distrito educativo 14-04, en el período educativo 2020-2021 / (Record no. 13413)
[ view plain ]
| 000 -CABECERA | |
|---|---|
| campo de control de longitud fija | 01965nam a22003494i 4500 |
| 001 - NÚMERO DE CONTROL | |
| campo de control | 32549 |
| 003 - IDENTIFICADOR DEL NÚMERO DE CONTROL | |
| campo de control | DO-SdISF |
| 005 - FECHA Y HORA DE LA ÚLTIMA TRANSACCIÓN | |
| campo de control | 20250403133147.0 |
| 007 - CAMPO FIJO DE DESCRIPCIÓN FÍSICA--INFORMACIÓN GENERAL | |
| campo de control de longitud fija | ta |
| 008 - DATOS DE LONGITUD FIJA--INFORMACIÓN GENERAL | |
| campo de control de longitud fija | 240209s2021 dr a|||frm||| 000 0 spa d |
| 040 ## - FUENTE DE LA CATALOGACIÓN | |
| Centro catalogador/agencia de origen | CGIP0037 |
| Lengua de catalogación | spa |
| Normas de descripción | rda |
| Centro/agencia transcriptor | CGIP0037 |
| 090 ## - LOCALMENTE ASIGNADO TIPO-LC NÚMERO DE CLASIFICACIÓN (OCLC); NÚMERO DE CLASIFICACIÓN LOCAL (RLIN) | |
| Número de clasificación (OCLC) (R) ; Numero de clasificación, CALL (RLIN) (NR) | TMMSS-2021-0003 |
| 100 1# - ENTRADA PRINCIPAL--NOMBRE DE PERSONA | |
| Nombre de persona | Olmo, Javier Fermín De |
| 9 (RLIN) | 31228 |
| Término indicativo de función/relación | autor |
| 245 10 - MENCIÓN DE TÍTULO | |
| Título | Análisis del desempeño docente en la enseñanza de la teoría de conjuntos y su impacto en el aprendizaje de los estudiantes de dichos contenidos en tercer grado de secundaria, en el politécnico Profesora Natividad Zuleyka y el Liceo Felicia Javier Suárez, del Distrito educativo 14-04, en el período educativo 2020-2021 / |
| Mención de responsabilidad, etc. | sustentado por: Javier Fermín De Olmo ; asesor: Luis Eligio Vásquez Márquez |
| 264 #1 - PRODUCCIÓN, PUBLICACIÓN, DISTRIBUCIÓN, FABRICACIÓN Y COPYRIGHT | |
| Producción, publicación, distribución, fabricación y copyright | Santiago de los Caballeros : |
| Nombre del de productor, editor, distribuidor, fabricante | ISFODOSU, |
| Fecha de producción, publicación, distribución, fabricación o copyright | 2021 |
| 300 ## - DESCRIPCIÓN FÍSICA | |
| Extensión | 92 hojas : |
| Otras características físicas | ilustraciones ; |
| Dimensiones | 27 cm. |
| 336 ## - TIPO DE CONTENIDO | |
| Fuente | rdacontent |
| Término de tipo de contenido | texto |
| Código de tipo de contenido | txt |
| 337 ## - TIPO DE MEDIO | |
| Fuente | rdamedia |
| Nombre/término del tipo de medio | sin mediación |
| Código del tipo de medio | n |
| 338 ## - TIPO DE SOPORTE | |
| Fuente | rdacarrier |
| Nombre/término del tipo de soporte | volumen |
| Código del tipo de soporte | nc |
| 502 ## - NOTA DE TESIS | |
| Nota de tesis | Tesis para optar por el título de Maestría en Matemática Superior orientada a la educación Secundaria - Instituto Superior de Formación Docente Salomé Ureña - ISFODOSU, Recinto EPH, 2021.<br/> |
| 504 ## - NOTA DE BIBLIOGRAFÍA, ETC. | |
| Nota de bibliografía, etc. | Bibliografía en hoja 155 |
| 505 2# - NOTA DE CONTENIDO CON FORMATO | |
| Nota de contenido con formato | Introducción al problema de investigación 1 - Revisión de literatura 10 - Metodología 16 - Presentación de resultados 24 - Interpretación de los resultados 86 - Referencias bibliográficas 92 - anexos 97 |
| 610 14 - PUNTO DE ACCESO ADICIONAL DE MATERIA--NOMBRE DE ENTIDAD CORPORATIVA | |
| Nombre de entidad corporativa o nombre de jurisdicción como elemento de entrada | Instituto Superior de Formación Docente Salomé Ureña |
| Subdivisión de forma | Tesis |
| Fuente del encabezamiento o término | armarc |
| 9 (RLIN) | 20677 |
| 650 17 - PUNTO DE ACCESO ADICIONAL DE MATERIA--TÉRMINO DE MATERIA | |
| Término de materia o nombre geográfico como elemento de entrada | Matemáticas |
| Fuente del encabezamiento o término | armarc |
| Subdivisión general | Enseñanza |
| 9 (RLIN) | 6689 |
| 650 17 - PUNTO DE ACCESO ADICIONAL DE MATERIA--TÉRMINO DE MATERIA | |
| Término de materia o nombre geográfico como elemento de entrada | Educación secundaria |
| Subdivisión geográfica | República Dominicana |
| Fuente del encabezamiento o término | armarc |
| 9 (RLIN) | 24501 |
| 650 17 - PUNTO DE ACCESO ADICIONAL DE MATERIA--TÉRMINO DE MATERIA | |
| Término de materia o nombre geográfico como elemento de entrada | Teoría de conjuntos |
| Subdivisión general | Análisis |
| Fuente del encabezamiento o término | armarc |
| 9 (RLIN) | 25136 |
| 650 10 - PUNTO DE ACCESO ADICIONAL DE MATERIA--TÉRMINO DE MATERIA | |
| Término de materia o nombre geográfico como elemento de entrada | Aprendizaje |
| Subdivisión general | Enseñanza |
| 9 (RLIN) | 21720 |
| 650 14 - PUNTO DE ACCESO ADICIONAL DE MATERIA--TÉRMINO DE MATERIA | |
| Término de materia o nombre geográfico como elemento de entrada | Maestros |
| 9 (RLIN) | 6577 |
| 650 14 - PUNTO DE ACCESO ADICIONAL DE MATERIA--TÉRMINO DE MATERIA | |
| Término de materia o nombre geográfico como elemento de entrada | Eficacia docente |
| 9 (RLIN) | 32566 |
| 700 1# - PUNTO DE ACCESO ADICIONAL--NOMBRE DE PERSONA | |
| Nombre de persona | Vásquez Márquez, Luis Eligio |
| 9 (RLIN) | 31229 |
| Término indicativo de función/relación | asesor |
| 942 ## - ELEMENTOS DE PUNTO DE ACCESO ADICIONAL (KOHA) | |
| Fuente del sistema de clasificación o colocación | |
| Tipo de ítem Koha | |
| Estado de retiro | Estado de pérdida | Fuente del sistema de clasificación o colocación | Estado dañado | No para préstamo | Localización permanente | Ubicación/localización actual | Fecha de adquisición | Total de préstamos | Fecha visto por última vez | Precio válido a partir de | Tipo de ítem Koha |
|---|---|---|---|---|---|---|---|---|---|---|---|
| Clasificación Decimal Dewey | Repositorio INERED | Repositorio INERED | 03/04/2025 | 03/04/2025 | 03/04/2025 | Tesis digital |